Europäische Länder, die am wenigsten Fleisch essen - Statistiken

Allgemein
  • Dieses Quiz wurde 317 mal gespielt
  • Das Durchschnittsergebnis liegt bei 7 aus 12
Antwortstatistiken
Kg/Pers. Land % Korrekt
45.2 Serbien
72%
38.2* Albanien
69%
66.3 Kroatien
67%
64.7 Rumänien
67%
53 Bulgarien
66%
61.5 Lettland
64%
59.6 Estland
63%
48.5 Ukraine
61%
66 Norwegen
60%
60.4 Slowakei
55%
57.7 Montenegro
53%
26.8 Moldawien
51%
Keine übereinstimmenden Quizze gefunden
Verteilung der Resultate
Anzahl Personen mit jedem Resultat
Perzentil nach korrekt beantworteten Fragen
Ihre Resultats-Entwicklung
Sie haben dieses Quiz noch nicht gespielt